000 00776nam a2200265Ia 4500
003 OSt
005 20220928130332.0
006 a|||||r|||| 00| 0
007 ta
008 220927b |||||||| |||| 00| 0 eng d
024 _a67208
037 _cTextual
040 _aSDCL
_cSDCL
_beng
041 _2eng
_aeng
082 _aX651:(B), P6
100 _aFabozzi Frank J
245 0 _aFinancial modeling of the equity & market
_bFrom CAPM to cointegration
260 _aNew Jersey
_bJohn Wiley
_c2006
300 _axx,849p
_ccm.
490 _aFrank J Fabozzi series
650 _aStock Market Models
_9450635
700 _a Focardi Sergio M
_9439221
942 _hX651:(B), P6
_cTEXL
_2CC
999 _c786140
_d786140